Národné výbory a ochrana národného majetku

Bibliographic Details
Main Authors: Oros, Andrej (Author), Oros, Anderj (Author)
Format: Article
Language:Slovak
Subjects:

MARC

LEADER 00000nab a2200000 a 4500
001 vtls000036482
003 SK-MaSNL
005 20260303023007.0
008 111103c1979 xo 0 slo
015 |a SNBRB19rr/mm-uuuuu 
035 |a CL0046577 
040 |a SNKBUCL  |b slo  |c SNKBUCL  |e AACR2 
041 0 |a slo 
044 |a xo  |c SK 
080 |a 330.5  |2 1981 
080 |a 352  |2 1981 
080 |a 353  |2 1981 
100 1 |a Oros, Andrej  |4 aut  |9 944089 
245 1 0 |a Národné výbory a ochrana národného majetku  |c Andrej Oros ; Anderj Oros 
650 0 7 |a majetok národný  |2 snkbucl  |9 931062 
650 0 7 |a národné výbory  |2 snkbucl  |9 59059 
655 7 |a články z novín a časopisov  |2 snkbucl  |9 267496 
700 1 |a Oros, Anderj  |4 aut  |9 1005432 
773 0 |t Národné výbory  |g Č. 19 (1979), s. 24-25 
850 |a Slovenská národná knižnica v Martine  |a MTA001 
852 |a SNK  |b KIS3GCP 
958 |a RK 
992 |a RBX 
999 |c 1631950  |d 1633880